01308nab a22002297a 4500003000400000005001700004008004100021040000700062100001800069245012000087260007300207300001300280500004400293505038600337505009000723650002700813650002800840650002400868650002000892700003400912773013200946OSt20251023103947.0190603e xxum|||| |||| 00| 0 spa d cPJ aRossi, Marco 10aNo se puede tapar el sol con las manos: el uso seguro de IA llega a la justicia /cMarco Rossi, Franco J. Orellana. cCiudad Autónoma de Buenos Aires :aThomson Reuters La Ley, b2025. ap. 65-71 aCita Online: TR LALEY AR/DOC/552/2025.  aSumario: I. Introducción: el avance de la IA en el Poder Judicial.— II. ¿Por qué la resolución marca un punto clave?— III. Definiciones y alcances: ¿qué entiende la norma por IA?— IV. Principios rectores de la regulación y su relación con los datos.— V. ¿Cómo puede influir esta regulación sobre las demás jurisdicciones fuera de la órbita nacional?. t¿Te interesa el texto completo? Solicitalo al correo: koha@justierradelfuego.gov.ar  0aCIENCIA Y TECNOLOGÍA 0aINTELIGENCIA ARTIFICIAL 0aDERECHO INFORMATICO 0aPODER JUDICIAL  aOrellana, Franco J.ecoautora0 02713dCiudad Autónoma de Buenos Aires : Thomson Reuters La Ley, 2015-tRevista Código Civil y Comercial. Nº 2 - Abril 2025